Visualizzazione normale
Vista MARC
- Operarias Catequistas de Nuestra Señora de los Dolores
di Corporate Name
Records bibliografici associati: 1
001 - CONTROL NUMBER
- control field: 23241
003 - CONTROL NUMBER IDENTIFIER
- control field: IT-RoINE
005 - DATE AND TIME OF LATEST TRANSACTION
- control field: 20160401043552.0
008 - FIXED-LENGTH DATA ELEMENTS
- fixed length control field: 160401|| aca||aabn | a|a d
040 ## - CATALOGING SOURCE
- Original cataloging agency: IT-RoINE
- Transcribing agency: IT-RoINE
110 ## - HEADING--CORPORATE NAME
- Corporate name or jurisdiction name as entry element: Operarias Catequistas de Nuestra Señora de los Dolores
- Geographic subdivision: España
- Geographic subdivision: Alacuás
- General subdivision: Historia
670 ## - SOURCE DATA FOUND
- Source citation: Work cat.: (IT-RoINE)11342: Schenk, Juan Eduardo, sac., 1926- 23200, Madre Josefa :, [1982].